Statistiques concernant Né dans le... n°20

Cliquez ici pour prendre le quiz!

Statistiques générales

  • Ce quiz a été pris 79 fois
    (73 depuis la dernière actualisation)
  • Le résultat moyen est 11 sur 14

Statistiques - réponses

Personnes célèbresPays% Correct
Celine DionCanada
100%
Hillary ClintonÉtats-Unis
100%
Elton JohnRoyaume-Uni
97%
Marlene DietrichAllemagne
92%
Roger FedererSuisse
92%
MichelangeloItalie
91%
PlatonGrece
86%
Joan MiróEspagne
78%
Johannes VermeerPays-bas
78%
Nicolas CopernicPologne
75%
NostradamusFrance
72%
Diego RiveraMexique
62%
Diane von FurstenbergBelgique
31%
Tycho BraheDanemark
12%

Distribution des résultats

Percentile par nombre de réponses

% des personnes avec chaque résultat

Votre développement - résultats

Vous n’avez pas pris ce quiz depuis la dernière actualisation